000
00298 a2200133 4500
000
nam a22 7a 4500
100
_a
ANIL KUMAR YADAV
110
_a
ANIL KUMAR YADAV
245
_a
MANAV SANCHAR
250
_a
latest edition
260
_b
kalpna
_c
2017
264
_b
kalpna
_c
2017
942
_c
BK
999
_c
397272
_d
397272